| 000 | 00832nam a22002177a 4500 | ||
|---|---|---|---|
| 999 |
_c20289 _d20289 |
||
| 003 | AR-CdUCM | ||
| 008 | 190528b ||||| |||| 00| 0 spa d | ||
| 040 |
_aMUNICIPALIDAD PROVINCIAL DEL CUSCO _cBIBLIOTECA MUNICIPAL DEL CUSCO |
||
| 082 |
_a987.72 / _bG53 |
||
| 100 |
_aGirard, Rafael _942404 |
||
| 245 |
_aIndios selváticos de la Amazonia Peruana : _bCon 207 fotografías, 100 figuras y 2 mapas / |
||
| 260 |
_aMéxico : _bLibro Mex, _c1958. |
||
| 300 |
_a356 páginas : _bFotografías, mapas _c25 cm. |
||
| 505 | _aContenido : Grupos indígenas del alto Amazonas -- Educacion basica del Yagua -- Matrimonio -- Vestido -- Instrumentos musicales... | ||
| 650 |
_aEtnográfica _942405 |
||
| 650 |
_acostumbre selvaticas _942406 |
||
| 650 |
_aRituales _96673 |
||
| 650 |
_aTradiciones _9229 |
||
| 942 |
_2ddc _cLIBROS |
||
| 945 | _arcc | ||